Entrada Personal Name
Número de registros utilizados en: 1
001 - CONTROL NUMBER
- control field: 17386
003 - CONTROL NUMBER IDENTIFIER
- control field: DLC
005 - DATE AND TIME OF LATEST TRANSACTION
- control field: 20250822151840.0
008 - FIXED-LENGTH DATA ELEMENTS
- fixed length control field: 800512n| acannaabn |b aaa
010 ## - LIBRARY OF CONGRESS CONTROL NUMBER
- LC control number: n 80045050
035 ## - SYSTEM CONTROL NUMBER
- System control number: (OCoLC)oca00427029
040 ## - CATALOGING SOURCE
- Original cataloging agency: DLC
- Language of cataloging: spa
- Transcribing agency: Mx-PuUPA
- Modifying agency: DLC
- Modifying agency: DLC-R
- Modifying agency: OCoLC
- Modifying agency: Mx-PuUPA
- Description conventions: rda
046 ## - SPECIAL CODED DATES
- Birth date: 1859
- Death date: 1947
100 1# - HEADING--PERSONAL NAME
- Personal name: Badhav, Isaac ben Michael,
- Dates associated with a name: 1859-1947
374 ## - OCCUPATION
- Occupation: Autor
375 ## - GENDER
- Gender: hombre
377 ## - ASSOCIATED LANGUAGE
- Language code: heb
400 1# - SEE FROM TRACING--PERSONAL NAME
- Personal name: Badhav, Yitsḥaḳ Mikhaʼel,
- Dates associated with a name: 1859-1947
400 1# - SEE FROM TRACING--PERSONAL NAME
- Control subfield: nnaa
- Personal name: Badhab, Isaac,
- Dates associated with a name: 1859-1947
400 1# - SEE FROM TRACING--PERSONAL NAME
- Personal name: באדהב, יצחק בן מיכאל
400 1# - SEE FROM TRACING--PERSONAL NAME
- Personal name: באדהב, יצחק בן מיכאל,
- Dates associated with a name: 1859-1947
400 1# - SEE FROM TRACING--PERSONAL NAME
- Personal name: באדהב, יצחק ב״ר מיכאל,
- Dates associated with a name: 1859-1947
400 1# - SEE FROM TRACING--PERSONAL NAME
- Personal name: באדהב, יצחק,
- Dates associated with a name: 9581־7491
400 1# - SEE FROM TRACING--PERSONAL NAME
- Personal name: בדאהב, יצחק בכ״ר מיכאל
400 1# - SEE FROM TRACING--PERSONAL NAME
- Personal name: בדאהב, יצחק בן מיכאל,
- Dates associated with a name: 1859-1947
400 1# - SEE FROM TRACING--PERSONAL NAME
- Personal name: בדהאב, יצחק ב׳׳ר מיכאל ב׳׳ר רפאל
400 1# - SEE FROM TRACING--PERSONAL NAME
- Personal name: בדהאב, יצחק ב׳׳ר מיכאל ב׳׳ר רפאל בדאהב
400 1# - SEE FROM TRACING--PERSONAL NAME
- Personal name: בדהב, יצחק בן מיכאל
400 1# - SEE FROM TRACING--PERSONAL NAME
- Personal name: יצחק בכר מיכאל
670 ## - SOURCE DATA FOUND
- Source citation: His Kitve ... Badhab, 1927-35.
670 ## - SOURCE DATA FOUND
- Source citation: His Un tratado sefardí de moral, 1979:
- Information found: t.p. (Isaac Mikael Badhab)
670 ## - SOURCE DATA FOUND
- Source citation: Encyc. Judaica, c1971
- Information found: (Badhav, Isaac ben Michael; 1859-1947; Jerusalem rabbi & scholar, b. Jerusalem)
670 ## - SOURCE DATA FOUND
- Source citation: Sefer Segulah zahav, 1893 or 1894:
- Information found: t.p. (Yitsḥak b.k. R. Mikhaʼel Badhav)